| 000 -LEADER |
| fixed length control field |
01003cam a22002534a 4500 |
| 001 - CONTROL NUMBER |
| control field |
12776205 |
| 005 - DATE AND TIME OF LATEST TRANSACTION |
| control field |
20211116114710.0 |
| 008 - FIXED-LENGTH DATA ELEMENTS--GENERAL INFORMATION |
| fixed length control field |
020515s2016 ne b 001 0 eng |
| 020 ## - INTERNATIONAL STANDARD BOOK NUMBER |
| International Standard Book Number |
9783319210148 |
| 041 ## - LANGUAGE CODE |
| Language code of text/sound track or separate title |
eng |
| 080 ## - UNIVERSAL DECIMAL CLASSIFICATION NUMBER |
| Universal Decimal Classification number |
517.98 I-57 |
| 245 10 - TITLE STATEMENT |
| Title |
Integral Operators in Non-Standard Function Spaces : |
| Statement of responsibility, etc. |
by Vakhtang Kokilashvili, and Alexander Meskhi, Humberto Rafeiro, Stefan Samko. |
| Remainder of title |
Volume 1 / |
| 264 ## - PRODUCTION, PUBLICATION, DISTRIBUTION, MANUFACTURE, AND COPYRIGHT NOTICE |
| Place of production, publication, distribution, manufacture |
Boston : |
| Name of producer, publisher, distributor, manufacturer |
Birkhäuser, |
| Date of production, publication, distribution, manufacture, or copyright notice |
2016. |
| 300 ## - PHYSICAL DESCRIPTION |
| Extent |
567 p. ; |
| Dimensions |
25 cm. |
| 504 ## - BIBLIOGRAPHY, ETC. NOTE |
| Bibliography, etc. note |
Includes bibliographical references (p. 529-553) and index. |
| 653 ## - INDEX TERM--UNCONTROLLED |
| keyword |
მათემატიკა |
| 653 ## - INDEX TERM--UNCONTROLLED |
| keyword |
ინტეგრალები |
| 700 1# - ADDED ENTRY--PERSONAL NAME |
| Personal name |
Kokilashvili, V. M. |
| Fuller form of name |
(Vakhtang Mikhaĭlovich) |
| Relator term |
ავტორი |
| 9 (RLIN) |
8354 |
| 700 1# - ADDED ENTRY--PERSONAL NAME |
| Personal name |
Meskhi, Alexander |
| Relator term |
ავტორი |
| 9 (RLIN) |
8357 |
| 700 1# - ADDED ENTRY--PERSONAL NAME |
| Personal name |
Rafeiro, Humberto |
| Relator term |
ავტორი |
| 9 (RLIN) |
8686 |
| 700 1# - ADDED ENTRY--PERSONAL NAME |
| Personal name |
Samko, Stefan |
| Relator term |
ავტორი |
| 9 (RLIN) |
8687 |
| 700 1# - ADDED ENTRY--PERSONAL NAME |
| Personal name |
Meskhi, Alexander. |
| Relator term |
ავტორი |
| 9 (RLIN) |
8357 |
| 942 ## - ADDED ENTRY ELEMENTS (KOHA) |
| Source of classification or shelving scheme |
|
| Koha item type |
წიგნი |